Biggest Canadian Cities Starting With 'Canada' - Statistics

General Stats
  • This quiz has been taken 20 times
  • The average score is 2 of 6
Answer Stats
Letter Population City % Correct
C 1.3 m Calgary
100%
A 132 k Abbotsford
32%
N 106 k Nanaimo
21%
D 72 k Drummondville
16%
A 73 k Airdrie
11%
A 23 k Alliston
0%
No matching quizzes found
Score Distribution
Percent of People with Each Score
Percentile by Number Answered
Your Score History
You have not taken this quiz